[Event "FBL 1"]
[Site "Deutschland"]
[Date "2012.10.07"]
[Round "2.2"]
[White "Misanovic, Vesna"]
[Black "Kachiani Gersinska, Ketino"]
[Result "1/2-1/2"]
[WhiteElo "2326"]
[BlackElo "2366"]
[PlyCount "28"]
[EventDate "2012.10.06"]
[WhiteTeam "SF Deizisau"]
[BlackTeam "OSG Baden Baden"]
[WhiteTeamCountry "GER"]
[BlackTeamCountry "GER"]

1. d4 Nf6 2. c4 c5 3. d5 e5 4. Nc3 d6 5. e4 Nbd7 6. Be2 Be7 7. Be3 Nf8 8. h3 h5
9. Nf3 Ng6 10. Qd2 h4 11. Bd3 Bd7 12. a3 Nh5 13. Ne2 a5 14. a4 Qb6 1/2-1/2

[Event "FBL 1"]
[Site "Deutschland"]
[Date "2012.10.07"]
[Round "2.4"]
[White "Klek, Hanna Marie"]
[Black "Arakhamia Grant, Ketevan"]
[Result "0-1"]
[WhiteElo "2214"]
[BlackElo "2421"]
[PlyCount "92"]
[EventDate "2012.10.06"]
[WhiteTeam "SF Deizisau"]
[BlackTeam "OSG Baden Baden"]
[WhiteTeamCountry "GER"]
[BlackTeamCountry "GER"]

1. Nf3 Nf6 2. c4 g6 3. Nc3 Bg7 4. e4 c5 5. Be2 Nc6 6. O-O O-O 7. d3 d6 8. h3
Ne8 9. Rb1 Nc7 10. a3 a5 11. Nd5 Ne6 12. b4 cxb4 13. axb4 a4 14. Bb2 Ncd4 15.
b5 a3 16. Ba1 Nxf3+ 17. Bxf3 Nd4 18. Bg4 e6 19. Nc3 h5 20. Be2 a2 21. Rb4 Ra3
22. Ra4 Rxc3 23. Bxc3 Nxe2+ 24. Qxe2 Bxc3 25. Rxa2 e5 26. Ra8 Bg4 27. Rxd8 Bxe2
28. Rxf8+ Kxf8 29. Rb1 Bd4 30. Rb3 h4 31. Ra3 Ke7 32. Kh1 Bc5 33. Rc3 Kd7 34.
f3 Kc7 35. Kh2 Kb6 36. g3 Ka5 37. gxh4 Kb4 38. Rc1 Bxd3 39. Kg3 Be3 40. Rd1
Kxc4 41. b6 Bxb6 42. Rc1+ Kd4 43. Rc8 Ba5 44. Rf8 Bc4 45. h5 gxh5 46. Kh4 b5
0-1

[Event "FBL 1"]
[Site "Deutschland"]
[Date "2012.10.07"]
[Round "2.5"]
[White "Sedina, Elena"]
[Black "Foisor, Mihaela Veronica"]
[Result "1/2-1/2"]
[WhiteElo "2340"]
[BlackElo "2217"]
[PlyCount "37"]
[EventDate "2012.10.06"]
[WhiteTeam "OSG Baden Baden"]
[BlackTeam "SF Deizisau"]
[WhiteTeamCountry "GER"]
[BlackTeamCountry "GER"]

1. e4 e6 2. d4 d5 3. Nd2 Nf6 4. e5 Nfd7 5. f4 c5 6. Ngf3 Nc6 7. Nb3 Qb6 8. c3
cxd4 9. Nfxd4 Nc5 10. Be2 a5 11. a4 Bd7 12. Be3 Nxd4 13. Nxd4 Qxb2 14. Nb5 Rc8
15. Rb1 Qa2 16. Bxc5 Bxc5 17. Ra1 Qb2 18. Rb1 Qa2 19. Ra1 1/2-1/2

[Event "FBL 1"]
[Site "Deutschland"]
[Date "2012.10.07"]
[Round "2.6"]
[White "Gabriel, Marina"]
[Black "Tammert, Iamze"]
[Result "0-1"]
[WhiteElo "1991"]
[BlackElo "2305"]
[PlyCount "98"]
[EventDate "2012.10.06"]
[WhiteTeam "SF Deizisau"]
[BlackTeam "OSG Baden Baden"]
[WhiteTeamCountry "GER"]
[BlackTeamCountry "GER"]

1. d4 g6 2. c4 Bg7 3. Nf3 Nf6 4. g3 d5 5. cxd5 Nxd5 6. Nc3 c6 7. Bg2 O-O 8. O-O
Na6 9. e4 Nb6 10. Bf4 Bg4 11. Ne2 Nc7 12. Rc1 Ne6 13. Be3 Qd6 14. Qd2 Rfd8 15.
Rfd1 Bxf3 16. Bxf3 Nc7 17. Qa5 e6 18. b3 Qe7 19. Kg2 f5 20. Qc5 Qf7 21. exf5
exf5 22. a4 Nbd5 23. Bd2 Ne6 24. Qc4 g5 25. Nc3 Nb6 26. Qf1 g4 27. Be2 Nxd4 28.
Bg5 Re8 29. Bc4 Nxc4 30. Qxc4 Qxc4 31. bxc4 Ne6 32. Be3 Kf7 33. Ne2 Red8 34.
Rxd8 Rxd8 35. Bxa7 Ra8 36. Bb6 Rxa4 37. Kf1 Ra1 38. Rxa1 Bxa1 39. Kg2 Kf6 40.
Be3 Ke5 41. f3 Nd4 42. Bf4+ Ke6 43. Ng1 Nc2 44. Bc1 Ne1+ 45. Kf1 Nd3 46. Be3
Ne5 47. c5 Kd5 48. h3 gxf3 49. Kf2 Ke4 0-1

[Event "FBL 1"]
[Site "Deutschland"]
[Date "2012.10.07"]
[Round "2.1"]
[White "Kononenko, Tatiana"]
[Black "Bodnaruk, Anastasia"]
[Result "0-1"]
[WhiteElo "2374"]
[BlackElo "2421"]
[PlyCount "110"]
[EventDate "2012.10.06"]
[WhiteTeam "USV Volksbank Halle"]
[BlackTeam "Rodewischer Schachmiezen"]
[WhiteTeamCountry "GER"]
[BlackTeamCountry "GER"]

1. d4 Nf6 2. c4 e6 3. Nf3 b6 4. a3 Bb7 5. Nc3 Ne4 6. Nxe4 Bxe4 7. Nd2 Bb7 8. e4
d6 9. Bd3 Be7 10. O-O Nd7 11. Rb1 Bf6 12. d5 O-O 13. b4 c6 14. Nb3 Ne5 15. Be2
cxd5 16. cxd5 exd5 17. exd5 Rc8 18. Bb2 Nc4 19. Bxf6 Qxf6 20. Bg4 Rc7 21. Nd4
Nxa3 22. Rb3 Nc4 23. Nb5 Re7 24. Nxa7 Ne5 25. Be2 Bxd5 26. Qxd5 Rxa7 27. Rd1
Ra2 28. Re3 Rfa8 29. h3 Ra1 30. g3 Rxd1+ 31. Bxd1 Ra1 32. Kg2 g6 33. Be2 Rc1
34. f4 Nc6 35. b5 Nd4 36. Re8+ Kg7 37. Re4 Nxe2 38. Rxe2 Rc5 39. Qd3 Rc3 40.
Qd5 Rc5 41. Qd3 d5 42. Rc2 Rxc2+ 43. Qxc2 Qd4 44. Qc6 Qd2+ 45. Kf3 Qd3+ 46. Kf2
d4 47. Qxb6 Qe3+ 48. Kg2 Qe2+ 49. Kg1 d3 50. Qd4+ f6 51. Qf2 Qc2 52. Qa7+ Kh6
53. g4 d2 54. g5+ fxg5 55. fxg5+ Kxg5 0-1

[Event "FBL 1"]
[Site "Deutschland"]
[Date "2012.10.07"]
[Round "2.2"]
[White "Pokorna, Regina"]
[Black "Matnadze, Ana"]
[Result "1/2-1/2"]
[WhiteElo "2353"]
[BlackElo "2418"]
[PlyCount "101"]
[EventDate "2012.10.06"]
[WhiteTeam "Rodewischer Schachmiezen"]
[BlackTeam "USV Volksbank Halle"]
[WhiteTeamCountry "GER"]
[BlackTeamCountry "GER"]

1. e4 e5 2. Nf3 Nc6 3. Bc4 g6 4. d4 exd4 5. c3 d3 6. Bg5 Be7 7. Bxe7 Qxe7 8.
Qxd3 d6 9. Nbd2 Nf6 10. O-O O-O 11. Rfe1 Ne5 12. Nxe5 dxe5 13. Qe3 Kg7 14. a4
a5 15. Nf1 Nh5 16. Ng3 Nf4 17. Ne2 Qg5 18. Nxf4 exf4 19. Qd4+ Kg8 20. Qd5 Qh4
21. Qe5 c6 22. Rad1 b5 23. axb5 cxb5 24. Bxb5 Ba6 25. g3 fxg3 26. hxg3 Qh3 27.
Bd7 Qh6 28. Bc6 Rac8 29. Bd5 Qh3 30. Qf6 Bc4 31. Rd4 Bb5 32. e5 Bd7 33. Rc4 Qf5
34. Rf4 Qxf6 35. Rxf6 Kg7 36. Rd1 Bf5 37. Rd4 h5 38. Ra6 Rb8 39. Rxa5 Rxb2 40.
Ra7 Re2 41. Re7 Re1+ 42. Kg2 Kh6 43. Rxf7 Rxf7 44. Bxf7 Rxe5 45. c4 Kg7 46. Bd5
Kf6 47. Bf3 Rc5 48. Rd6+ Ke7 49. Rc6 Ra5 50. c5 g5 51. Rc7+ 1/2-1/2

[Event "FBL 1"]
[Site "Deutschland"]
[Date "2012.10.07"]
[Round "2.3"]
[White "Madl, Ildiko"]
[Black "Rudolf, Anna"]
[Result "1/2-1/2"]
[WhiteElo "2329"]
[BlackElo "2306"]
[PlyCount "46"]
[EventDate "2012.10.06"]
[WhiteTeam "USV Volksbank Halle"]
[BlackTeam "Rodewischer Schachmiezen"]
[WhiteTeamCountry "GER"]
[BlackTeamCountry "GER"]

1. e4 e6 2. d4 d5 3. Nc3 Nf6 4. Bg5 dxe4 5. Nxe4 Nbd7 6. Nf3 h6 7. Nxf6+ Nxf6
8. Be3 Nd5 9. Bd2 c5 10. Bb5+ Bd7 11. Qe2 Bxb5 12. Qxb5+ Qd7 13. Qxd7+ Kxd7 14.
Ne5+ Ke8 15. dxc5 Bxc5 16. Nd3 Bd4 17. c4 Nb6 18. Rc1 Rc8 19. b3 f6 20. Ke2 Kf7
21. Be3 Rhd8 22. Rhd1 Bxe3 23. Kxe3 a5 1/2-1/2

[Event "FBL 1"]
[Site "Deutschland"]
[Date "2012.10.07"]
[Round "2.4"]
[White "Korenova, Martina"]
[Black "Melamed, Tetyana"]
[Result "1/2-1/2"]
[WhiteElo "2214"]
[BlackElo "2353"]
[PlyCount "118"]
[EventDate "2012.10.06"]
[WhiteTeam "Rodewischer Schachmiezen"]
[BlackTeam "USV Volksbank Halle"]
[WhiteTeamCountry "GER"]
[BlackTeamCountry "GER"]

1. e4 c5 2. Nf3 d6 3. c3 Nf6 4. Bd3 Nc6 5. Bc2 Bg4 6. d3 e6 7. Nbd2 Be7 8. h3
Bh5 9. Nf1 O-O 10. Ng3 Bg6 11. O-O Nd7 12. d4 cxd4 13. cxd4 Rc8 14. Bb3 Na5 15.
Be3 Nb6 16. d5 Nxb3 17. Qxb3 exd5 18. exd5 Bc2 19. Bxb6 Qxb6 20. Qxb6 axb6 21.
Nd4 Bf6 22. Nxc2 Rxc2 23. Nf5 Bxb2 24. Rab1 Ra8 25. Nxd6 Bd4 26. Rbd1 Be5 27.
Nf5 g6 28. Ne3 Rc5 29. f4 Bd6 30. Ng4 Kg7 31. f5 Rxa2 32. f6+ Kf8 33. Ra1 Rca5
34. Rxa2 Rxa2 35. Rc1 Ra8 36. Kf1 h5 37. Nf2 Ke8 38. Ne4 Kd7 39. Ke2 Ra2+ 40.
Kf3 Ra3+ 41. Rc3 Ra5 42. Rd3 b5 43. Ke3 b4 44. Kd4 h4 45. Rd2 b3 46. Nc3 Bb4
47. Re2 Ra6 48. Kc4 Bxc3 49. Re7+ Kd8 50. Kxc3 Rb6 51. Kb2 Rxf6 52. Rxb7 Rf5
53. Kxb3 Rxd5 54. Rxf7 Rd2 55. Rf4 Rxg2 56. Rxh4 Ke7 57. Kc4 Kf6 58. Kd4 Kg5
59. Rh8 Rf2 1/2-1/2

[Event "FBL 1"]
[Site "Deutschland"]
[Date "2012.10.07"]
[Round "2.5"]
[White "Sharevich, Anna"]
[Black "Steinbacher, Claudia"]
[Result "1/2-1/2"]
[WhiteElo "2261"]
[BlackElo "2134"]
[PlyCount "51"]
[EventDate "2012.10.06"]
[WhiteTeam "USV Volksbank Halle"]
[BlackTeam "Rodewischer Schachmiezen"]
[WhiteTeamCountry "GER"]
[BlackTeamCountry "GER"]

1. d4 c5 2. d5 e6 3. c4 exd5 4. cxd5 d6 5. Nc3 Ne7 6. Nf3 Ng6 7. g3 Be7 8. Bg2
O-O 9. O-O Bg4 10. Nd2 Qd7 11. Qb3 b6 12. Re1 Bh3 13. Qb5 Bxg2 14. Qxd7 Nxd7
15. Kxg2 f5 16. f4 a6 17. a4 Bf6 18. Nc4 Ne7 19. Rd1 Nc8 20. g4 g6 21. g5 Bg7
22. Bd2 Rb8 23. Na3 Na7 24. Nc4 Nc8 25. Na3 Na7 26. Nc4 1/2-1/2

[Event "FBL 1"]
[Site "Deutschland"]
[Date "2012.10.07"]
[Round "2.6"]
[White "Kubikova, Alena"]
[Black "Jahn, Constanze"]
[Result "1-0"]
[WhiteElo "2095"]
[BlackElo "2130"]
[PlyCount "103"]
[EventDate "2012.10.06"]
[WhiteTeam "Rodewischer Schachmiezen"]
[BlackTeam "USV Volksbank Halle"]
[WhiteTeamCountry "GER"]
[BlackTeamCountry "GER"]

1. e4 c5 2. Nf3 e6 3. d4 cxd4 4. Nxd4 Nc6 5. Nb3 Nf6 6. Bd3 Ne5 7. f4 Nxd3+ 8.
cxd3 d6 9. Nc3 a6 10. Qf3 Qc7 11. Be3 Be7 12. Rc1 Qd8 13. Na4 Nd7 14. Qf2 O-O
15. O-O Qe8 16. Nb6 Nxb6 17. Bxb6 Qb5 18. Rfd1 a5 19. Be3 a4 20. Nd4 Qa5 21.
Nf3 Ra6 22. d4 d5 23. e5 Bd7 24. g4 Rc8 25. Rxc8+ Bxc8 26. Ng5 h6 27. Qc2 hxg5
28. Qxc8+ Kh7 29. Qc2+ Kg8 30. fxg5 Rc6 31. Qf2 Qd8 32. Rf1 Qe8 33. h4 b5 34.
h5 b4 35. h6 b3 36. axb3 axb3 37. Qh4 gxh6 38. Qxh6 Bf8 39. Qh3 Rc2 40. Bc1 Bg7
41. Qxb3 Rc4 42. Qd3 Qc6 43. Be3 Bxe5 44. dxe5 Rxg4+ 45. Kf2 d4 46. Bd2 Qg2+
47. Ke1 Re4+ 48. Kd1 Rxe5 49. Qf3 Qxf3+ 50. Rxf3 Rb5 51. b4 Kg7 52. Kc2 1-0

[Event "FBL 1"]
[Site "Deutschland"]
[Date "2012.10.07"]
[Round "2.1"]
[White "Voicu Jagodzinsky, Carmen"]
[Black "Sebag, Marie"]
[Result "1/2-1/2"]
[WhiteElo "2292"]
[BlackElo "2521"]
[PlyCount "25"]
[EventDate "2012.10.06"]
[WhiteTeam "SK Grosslehna"]
[BlackTeam "SC Bad Koenigshofen 1957"]
[WhiteTeamCountry "GER"]
[BlackTeamCountry "GER"]

1. e4 c5 2. Nf3 d6 3. d4 cxd4 4. Nxd4 Nf6 5. Nc3 a6 6. g3 e5 7. Nde2 Be7 8. Bg2
b5 9. Nd5 Nxd5 10. Qxd5 Ra7 11. Be3 Rd7 12. Qd2 Bb7 13. Nc3 1/2-1/2

[Event "FBL 1"]
[Site "Deutschland"]
[Date "2012.10.07"]
[Round "2.2"]
[White "Paehtz, Elisabeth"]
[Black "Havlikova, Kristyna"]
[Result "1-0"]
[WhiteElo "2483"]
[BlackElo "2293"]
[PlyCount "69"]
[EventDate "2012.10.06"]
[WhiteTeam "SC Bad Koenigshofen 1957"]
[BlackTeam "SK Grosslehna"]
[WhiteTeamCountry "GER"]
[BlackTeamCountry "GER"]

1. c4 g6 2. Nc3 c5 3. g3 Bg7 4. Bg2 Nf6 5. Rb1 d6 6. a3 Nbd7 7. d3 Rb8 8. b4 a6
9. bxc5 Qa5 10. Bd2 Qxc5 11. a4 O-O 12. Nh3 b6 13. O-O Bb7 14. e4 e6 15. a5 Qc7
16. axb6 Nxb6 17. Nf4 Nfd7 18. h4 h5 19. Qe2 Ne5 20. Rfc1 Nbd7 21. Nd1 Nc6 22.
Bc3 Bxc3 23. Nxc3 Nd4 24. Qe3 e5 25. Nfd5 Bxd5 26. Nxd5 Rxb1 27. Rxb1 Qd8 28.
Qh6 Nc6 29. Bh3 Nf6 30. Be6 fxe6 31. Qxg6+ Kh8 32. Rb7 Nd7 33. Qh6+ Kg8 34.
Qxe6+ Rf7 35. Rxd7 1-0

[Event "FBL 1"]
[Site "Deutschland"]
[Date "2012.10.07"]
[Round "2.3"]
[White "Olsarova, Karolina"]
[Black "Girya, Olga"]
[Result "0-1"]
[WhiteElo "2253"]
[BlackElo "2440"]
[PlyCount "102"]
[EventDate "2012.10.06"]
[WhiteTeam "SK Grosslehna"]
[BlackTeam "SC Bad Koenigshofen 1957"]
[WhiteTeamCountry "GER"]
[BlackTeamCountry "GER"]

1. e4 c5 2. Nf3 Nc6 3. c4 e6 4. Nc3 Nd4 5. Nxd4 cxd4 6. Nb5 Qb6 7. Bd3 a6 8.
Na3 e5 9. O-O Ne7 10. f4 exf4 11. Rxf4 Ng6 12. Rf2 Ne5 13. Qe2 Bxa3 14. bxa3 d6
15. Rb1 Qc5 16. a4 O-O 17. Rb3 Be6 18. Ba3 Qc6 19. Bb2 Qxa4 20. Bxd4 b5 21.
Bxe5 dxe5 22. cxb5 Bxb3 23. axb3 Qa1+ 24. Qf1 axb5 25. Bxb5 Qd4 26. Ba4 f5 27.
g3 fxe4 28. Kg2 Rxf2+ 29. Qxf2 Rd8 30. Bc6 Qxf2+ 31. Kxf2 Rxd2+ 32. Ke3 Rxh2
33. Kxe4 Rg2 34. Kxe5 Rxg3 35. b4 Kf8 36. Kd6 Rb3 37. b5 g5 38. Kc7 Ke7 39. b6
h5 40. b7 g4 41. Bd5 Rb2 42. b8=Q Rxb8 43. Kxb8 Kd6 44. Bg2 h4 45. Kc8 h3 46.
Bf1 Ke5 47. Kd7 Kf4 48. Ke6 Kf3 49. Kf5 h2 50. Bc4 Kf2 51. Bd5 g3 0-1

[Event "FBL 1"]
[Site "Deutschland"]
[Date "2012.10.07"]
[Round "2.4"]
[White "Savina, Anastasia"]
[Black "Von Wantoch Rekowski, Danijela"]
[Result "1/2-1/2"]
[WhiteElo "2303"]
[BlackElo "2245"]
[PlyCount "100"]
[EventDate "2012.10.06"]
[WhiteTeam "SC Bad Koenigshofen 1957"]
[BlackTeam "SK Grosslehna"]
[WhiteTeamCountry "GER"]
[BlackTeamCountry "GER"]

1. d4 Nf6 2. c4 e6 3. Nc3 Bb4 4. e3 O-O 5. Nge2 d5 6. a3 Be7 7. cxd5 exd5 8. g3
a5 9. Bg2 c6 10. O-O Be6 11. f3 Na6 12. Bd2 Ne8 13. Be1 Nd6 14. b3 Nc7 15. Na4
Bf5 16. Nc5 h6 17. Bf2 Re8 18. e4 b6 19. exf5 bxc5 20. dxc5 Nxf5 21. Qd3 Bf6
22. Rae1 Ne7 23. Nd4 Qd7 24. f4 Rab8 25. Bf3 Nb5 26. Nxb5 Rxb5 27. Bd1 d4 28.
Bc2 g6 29. Qc4 Kg7 30. Rd1 Rd8 31. Rd2 Qd5 32. Qxd5 Rxd5 33. Rfd1 Rdxc5 34. a4
Rb8 35. Be4 Rxb3 36. Rxd4 Rb2 37. Rd6 Rc4 38. Rxf6 Rxf2 39. Bd3 Rd4 40. Rxf7+
Kxf7 41. Kxf2 Rxa4 42. Rc1 Ra2+ 43. Kf3 Rxh2 44. Be4 Rb2 45. Bxc6 Nxc6 46. Rxc6
Rb3+ 47. Kg4 h5+ 48. Kh4 a4 49. Ra6 a3 50. g4 hxg4 1/2-1/2

[Event "FBL 1"]
[Site "Deutschland"]
[Date "2012.10.07"]
[Round "2.5"]
[White "Lehmann, Christina"]
[Black "L Ami, Alina"]
[Result "0-1"]
[WhiteElo "2078"]
[BlackElo "2380"]
[PlyCount "60"]
[EventDate "2012.10.06"]
[WhiteTeam "SK Grosslehna"]
[BlackTeam "SC Bad Koenigshofen 1957"]
[WhiteTeamCountry "GER"]
[BlackTeamCountry "GER"]

1. d4 Nf6 2. c4 g6 3. Nc3 Bg7 4. e4 d6 5. Nge2 O-O 6. Ng3 h5 7. Be2 Nbd7 8. Be3
a6 9. f3 c5 10. d5 b5 11. cxb5 axb5 12. Bxb5 Ba6 13. Bxa6 Rxa6 14. O-O Nb6 15.
Qd3 Qa8 16. b3 Nfd7 17. Rac1 Ne5 18. Qd2 Nec4 19. bxc4 Nxc4 20. Qd3 Nxe3 21.
Rfe1 f5 22. exf5 Nxf5 23. Nxf5 Rxf5 24. Rxe7 Ra3 25. Qe4 Be5 26. g4 Qd8 27.
Rxe5 dxe5 28. Kh1 hxg4 29. fxg4 Qg5 30. Ne2 Re3 0-1

[Event "FBL 1"]
[Site "Deutschland"]
[Date "2012.10.07"]
[Round "2.6"]
[White "Schoene, Maria"]
[Black "Nagel, Verena"]
[Result "1-0"]
[WhiteElo "2190"]
[BlackElo "2007"]
[PlyCount "83"]
[EventDate "2012.10.06"]
[WhiteTeam "SC Bad Koenigshofen 1957"]
[BlackTeam "SK Grosslehna"]
[WhiteTeamCountry "GER"]
[BlackTeamCountry "GER"]

1. e4 e6 2. d4 d5 3. Nc3 dxe4 4. Nxe4 Be7 5. Nf3 Nf6 6. Nxf6+ Bxf6 7. Bd3 Nc6
8. c3 O-O 9. O-O b6 10. Qc2 g6 11. Bh6 Re8 12. Rad1 Bb7 13. Rfe1 Qd5 14. Be4
Qxa2 15. Ne5 Bxe5 16. dxe5 Qc4 17. Qc1 Rad8 18. Qf4 Rxd1 19. Rxd1 Qe2 20. Bf3
Qxe5 21. Qxe5 Nxe5 22. Bxb7 f6 23. Bf4 Nf7 24. Rd7 Rd8 25. Rxd8+ Nxd8 26. Bf3
e5 27. Bd5+ Kg7 28. Bd2 c6 29. Ba2 c5 30. Bd5 h6 31. f4 g5 32. fxe5 fxe5 33.
Kf2 Kf6 34. Kf3 a5 35. Ke4 a4 36. Be1 Ne6 37. Bxe6 Kxe6 38. c4 Kd6 39. g4 Kc6
40. Kxe5 b5 41. cxb5+ Kxb5 42. Kd5 1-0

[Event "FBL 1"]
[Site "Deutschland"]
[Date "2012.10.07"]
[Round "2.1"]
[White "Doluhanova, Evgeniya"]
[Black "Gaponenko, Inna"]
[Result "1/2-1/2"]
[WhiteElo "2247"]
[BlackElo "2404"]
[PlyCount "104"]
[EventDate "2012.10.06"]
[WhiteTeam "SV Chemie Guben 1990"]
[BlackTeam "Schachverein Muelheim Nord 1931"]
[WhiteTeamCountry "GER"]
[BlackTeamCountry "GER"]

1. e4 c5 2. Nf3 d6 3. d4 cxd4 4. Nxd4 Nf6 5. Nc3 g6 6. Be3 Bg7 7. f3 Nc6 8. Qd2
O-O 9. g4 Be6 10. Nxe6 fxe6 11. O-O-O Rc8 12. Kb1 Ne5 13. Be2 a6 14. h4 b5 15.
h5 Qa5 16. a3 Rb8 17. Na2 Qxd2 18. Bxd2 Nfd7 19. hxg6 hxg6 20. Rh3 Nc4 21. Bc1
Nc5 22. b3 a5 23. Rdh1 d5 24. Rh7 Rf7 25. Rxg7+ Rxg7 26. bxc4 bxc4+ 27. Ka1 Rh7
28. Re1 Na4 29. Bf4 Rb5 30. exd5 exd5 31. Be5 Kf7 32. Nc3 Nxc3 33. Bxc3 Rh2 34.
a4 Rb6 35. Bd1 Re6 36. Rxe6 Kxe6 37. Kb2 d4 38. Bxa5 c3+ 39. Bxc3 dxc3+ 40.
Kxc3 Kd5 41. Kd3 Kc5 42. Ke3 g5 43. Be2 Kb4 44. Bd3 Kxa4 45. Kd4 Rh6 46. Be4
Rf6 47. c4 Ka5 48. c5 Ka6 49. Ke5 Kb5 50. Kd5 Ka6 51. Ke5 Kb5 52. Kd5 Ka6
1/2-1/2

[Event "FBL 1"]
[Site "Deutschland"]
[Date "2012.10.07"]
[Round "2.2"]
[White "Schleining, Zoya"]
[Black "Jaracz, Barbara"]
[Result "1-0"]
[WhiteElo "2340"]
[BlackElo "2312"]
[PlyCount "75"]
[EventDate "2012.10.06"]
[WhiteTeam "Schachverein Muelheim Nord 1931"]
[BlackTeam "SV Chemie Guben 1990"]
[WhiteTeamCountry "GER"]
[BlackTeamCountry "GER"]

1. Nf3 Nf6 2. c4 g6 3. g3 Bg7 4. Bg2 c6 5. d4 d5 6. O-O O-O 7. b3 Ne4 8. Bb2 a5
9. Nc3 Nxc3 10. Bxc3 Be6 11. Rc1 h6 12. Qd3 Bf5 13. Qe3 Be4 14. Rfd1 Nd7 15.
Bh3 Bxf3 16. Qxf3 Nf6 17. Qd3 e6 18. a4 h5 19. Bg2 Qb6 20. Bd2 Rfd8 21. c5 Qc7
22. Bf4 Qd7 23. Rb1 Ng4 24. Bh3 e5 25. Bxg4 hxg4 26. Bxe5 Bxe5 27. dxe5 Re8 28.
Qd4 Qf5 29. b4 axb4 30. Rxb4 Rxe5 31. e3 Re4 32. Qb2 Rxb4 33. Qxb4 Qc2 34. Rd4
f5 35. Kg2 Re8 36. Qxb7 Qxc5 37. a5 Qb5 38. Qxb5 1-0

[Event "FBL 1"]
[Site "Deutschland"]
[Date "2012.10.07"]
[Round "2.3"]
[White "Sikorska, Agata"]
[Black "Zozulia, Anna"]
[Result "1/2-1/2"]
[WhiteElo "2110"]
[BlackElo "2346"]
[PlyCount "80"]
[EventDate "2012.10.06"]
[WhiteTeam "SV Chemie Guben 1990"]
[BlackTeam "Schachverein Muelheim Nord 1931"]
[WhiteTeamCountry "GER"]
[BlackTeamCountry "GER"]

1. e4 c5 2. Nf3 e6 3. d4 cxd4 4. Nxd4 Nc6 5. Nxc6 bxc6 6. Bd3 d5 7. O-O Nf6 8.
Nd2 Be7 9. b3 O-O 10. Bb2 Nd7 11. exd5 cxd5 12. c4 Bb7 13. cxd5 Bxd5 14. Ne4
Nf6 15. Qe2 Nxe4 16. Bxe4 Bxe4 17. Qxe4 Qd2 18. Qd4 Qxd4 19. Bxd4 a5 20. g3 a4
21. Rfc1 Rfd8 22. Be3 h5 23. h4 axb3 24. axb3 Rxa1 25. Rxa1 Rb8 26. Rb1 f6 27.
Kf1 Kf7 28. Ke2 e5 29. Bd2 Ke6 30. b4 Kd5 31. Rd1 Ke6 32. Rb1 Bd6 33. b5 Bc5
34. Be3 Bxe3 35. Kxe3 Rb6 36. f4 Kd5 37. Rd1+ Ke6 38. Rb1 Kd5 39. Rd1+ Ke6 40.
Rb1 Kd5 1/2-1/2

[Event "FBL 1"]
[Site "Deutschland"]
[Date "2012.10.07"]
[Round "2.4"]
[White "Kalinina, Olga"]
[Black "Wisniowska, Klaudia"]
[Result "1/2-1/2"]
[WhiteElo "2259"]
[BlackElo "2187"]
[PlyCount "263"]
[EventDate "2012.10.06"]
[WhiteTeam "Schachverein Muelheim Nord 1931"]
[BlackTeam "SV Chemie Guben 1990"]
[WhiteTeamCountry "GER"]
[BlackTeamCountry "GER"]

1. e4 d6 2. d4 Nf6 3. Nc3 g6 4. f4 Bg7 5. Nf3 O-O 6. Bd3 Na6 7. O-O c5 8. d5
Bg4 9. Qe1 Bxf3 10. Rxf3 Nb4 11. Qh4 Nxd3 12. Rxd3 e6 13. dxe6 fxe6 14. e5 Ne8
15. Qxd8 Rxd8 16. Ne4 b6 17. Ng5 Nc7 18. exd6 h6 19. Ne4 Nd5 20. c3 Nxf4 21.
Bxf4 Rxf4 22. Re1 Rf5 23. Red1 Re5 24. Nf2 c4 25. R3d2 h5 26. d7 Bh6 27. Rd6
Be3 28. Re1 Rf8 29. Kh1 Rd8 30. g3 Kf7 31. Rc6 Rxd7 32. Nd1 Rc5 33. Rxc5 Bxc5
34. b4 cxb3 35. axb3 a5 36. Nb2 Kf6 37. Nc4 Rd3 38. Rf1+ Ke7 39. Rc1 Kf6 40.
Rf1+ Ke7 41. Rc1 g5 42. b4 axb4 43. cxb4 Bd4 44. Kg2 e5 45. Rc2 Ke6 46. Kf1 Kd5
47. Nd2 g4 48. Ke2 Re3+ 49. Kf1 Bc3 50. Kf2 Rd3 51. Nf1 Bd4+ 52. Ke2 Rb3 53.
Rc8 Rxb4 54. Rd8+ Ke6 55. Rh8 Rb2+ 56. Kd3 Rf2 57. Nd2 Rxh2 58. Rh6+ Ke7 59.
Ne4 b5 60. Rh7+ Ke6 61. Rh6+ Kd7 62. Nf6+ Kc7 63. Nxg4 Rg2 64. Nf6 Rxg3+ 65.
Ke4 Kb7 66. Kd5 Rg7 67. Rxh5 Re7 68. Ne4 b4 69. Rh6 Ka7 70. Rh3 Ka6 71. Kd6 Re8
72. Nd2 Bc3 73. Nb3 Kb5 74. Rh7 Rd8+ 75. Ke6 Ra8 76. Kd5 Rd8+ 77. Ke6 Ka4 78.
Nc5+ Ka3 79. Rb7 Kb2 80. Na6 Ka3 81. Nxb4 Bxb4 82. Kxe5 Kb3 83. Ke6 Kc4 84. Rd7
Re8+ 85. Kf7 Rf8+ 86. Ke6 Bc5 87. Ke5 Rh8 88. Ke4 Rh4+ 89. Ke5 Bd4+ 90. Kf5 Kd3
91. Kg5 Re4 92. Kf5 Ke3 93. Rd5 Rf4+ 94. Kg5 Bf6+ 95. Kg6 Ke4 96. Ra5 Bd4 97.
Rb5 Rf8 98. Ra5 Rg8+ 99. Kf7 Rg7+ 100. Ke6 Rg6+ 101. Kf7 Rh6 102. Rb5 Be5 103.
Rb1 Kd5 104. Rb5+ Kd4 105. Rb1 Kc5 106. Rd1 Kc6 107. Rd2 Bd6 108. Rg2 Kd7 109.
Rg6 Rh5 110. Rg1 Rf5+ 111. Kg6 Ke6 112. Rb1 Rf8 113. Rb7 Rf3 114. Rb5 Rg3+ 115.
Rg5 Rh3 116. Rh5 Rf3 117. Rb5 Be7 118. Rb6+ Ke5 119. Rb5+ Ke4 120. Rb6 Rg3+
121. Kf7 Bc5 122. Rg6 Rh3 123. Ke6 Rh4 124. Kd7 Kd5 125. Rg5+ Kc4 126. Rg2 Re4
127. Rg7 Kb5 128. Rf7 Re5 129. Rg7 Bd4 130. Re7 Rf5 131. Ke6 Rh5 132. Rf7
1/2-1/2

[Event "FBL 1"]
[Site "Deutschland"]
[Date "2012.10.07"]
[Round "2.5"]
[White "Sikorska, Dorota"]
[Black "Voyska, Margarita"]
[Result "0-1"]
[WhiteElo "1952"]
[BlackElo "2284"]
[PlyCount "116"]
[EventDate "2012.10.06"]
[WhiteTeam "SV Chemie Guben 1990"]
[BlackTeam "Schachverein Muelheim Nord 1931"]
[WhiteTeamCountry "GER"]
[BlackTeamCountry "GER"]

1. e4 c5 2. Nc3 a6 3. g3 b5 4. Bg2 Bb7 5. d3 e6 6. Nf3 d6 7. O-O Nd7 8. Be3
Ngf6 9. h3 Be7 10. Qd2 O-O 11. Ne1 b4 12. Nd1 d5 13. f3 Qc7 14. Bf2 a5 15. exd5
exd5 16. f4 Bd6 17. Ne3 g6 18. Nf3 Rfe8 19. Rfe1 Nb6 20. Ng4 Nxg4 21. hxg4 Bc6
22. Rxe8+ Rxe8 23. Re1 Qd7 24. g5 d4 25. c4 Na4 26. Rxe8+ Qxe8 27. Ne1 Bd7 28.
Be4 Qb8 29. Nf3 Bc7 30. Qc2 Qe8 31. Nd2 Qe6 32. Bf3 Bd8 33. Ne4 Be7 34. Qe2 Kg7
35. g4 h6 36. gxh6+ Kxh6 37. b3 Nc3 38. Nxc3 bxc3 39. Qxe6 Bxe6 40. g5+ Kg7 41.
Bd1 Bd6 42. Bg3 Bg4 43. Bc2 f6 44. Kf2 Kf7 45. a4 Ke6 46. gxf6 Kxf6 47. Bh4+
Kf5 48. Bd8 Kxf4 49. Bxa5 Bf3 50. Bb6 g5 51. b4 g4 52. bxc5 g3+ 53. Kg1 Be5 54.
Bd8 Ke3 55. Bg5+ Ke2 56. a5 g2 57. Bh4 Bf4 58. Bf2 Bh2+ 0-1

[Event "FBL 1"]
[Site "Deutschland"]
[Date "2012.12.01"]
[Round "3.1"]
[White "Michna, Marta"]
[Black "Ohme, Melanie"]
[Result "1/2-1/2"]
[WhiteElo "2380"]
[BlackElo "2337"]
[PlyCount "45"]
[EventDate "2012.10.06"]
[WhiteTeam "Hamburger SK von 1830"]
[BlackTeam "SF 1891 Friedberg"]
[WhiteTeamCountry "GER"]
[BlackTeamCountry "GER"]

1. d4 Nf6 2. Nf3 g6 3. c4 Bg7 4. Nc3 d6 5. e4 O-O 6. Be2 e5 7. O-O Nc6 8. dxe5
dxe5 9. Bg5 Qxd1 10. Rfxd1 h6 11. Be3 Kh7 12. h3 Be6 13. Nd5 Rac8 14. Bd3 Nd7
15. Bc2 Na5 16. b3 Rfe8 17. Rac1 b6 18. Bd2 c6 19. Ne3 Nb7 20. Bc3 Rcd8 21. Rd2
f6 22. b4 Nf8 23. Ba4 1/2-1/2